Transparent plastics : (Record no. 608472)
[ view plain ]
| 000 -LEADER | |
|---|---|
| fixed length control field | 01220cam a22003617a 4500 |
| 001 - CONTROL NUMBER | |
| control field | 14932491 |
| 003 - CONTROL NUMBER IDENTIFIER | |
| control field | NUST |
| 005 - DATE AND TIME OF LATEST TRANSACTION | |
| control field | 20240229110449.0 |
| 008 - FIXED-LENGTH DATA ELEMENTS--GENERAL INFORMATION | |
| fixed length control field | 070718s2007 sz ae b 001 0 eng d |
| 010 ## - LIBRARY OF CONGRESS CONTROL NUMBER | |
| LC control number | 2007933206 |
| 020 ## - INTERNATIONAL STANDARD BOOK NUMBER | |
| International Standard Book Number | 9783764374709 |
| 020 ## - INTERNATIONAL STANDARD BOOK NUMBER | |
| International Standard Book Number | 3764374705 |
| 035 ## - SYSTEM CONTROL NUMBER | |
| System control number | (OCoLC)ocn150359492 |
| 038 ## - RECORD CONTENT LICENSOR | |
| Staff Name | Malang Jan |
| 040 ## - CATALOGING SOURCE | |
| Original cataloging agency | BTCTA |
| Transcribing agency | BTCTA |
| Modifying agency | YDXCP |
| -- | BAKER |
| -- | OHX |
| -- | ORU |
| -- | DLC |
| 041 1# - LANGUAGE CODE | |
| Language code of text/sound track or separate title | eng |
| Language code of original | ger |
| 042 ## - AUTHENTICATION CODE | |
| Authentication code | lccopycat |
| 050 00 - LIBRARY OF CONGRESS CALL NUMBER | |
| Classification number | TA668 |
| Item number | .J47 2007 |
| 082 00 - DEWEY DECIMAL CLASSIFICATION NUMBER | |
| Classification number | 721.0449923 |
| Edition number | 22 |
| Author Mark | JES |
| 100 1# - MAIN ENTRY--PERSONAL NAME | |
| Personal name | Jeska, Simone. |
| 9 (RLIN) | 34360 |
| 245 10 - TITLE STATEMENT | |
| Title | Transparent plastics : |
| Remainder of title | design and technology / |
| Statement of responsibility, etc. | Simone Jeska . |
| 260 ## - PUBLICATION, DISTRIBUTION, ETC. | |
| Place of publication, distribution, etc. | Basel ; |
| -- | Boston : |
| Name of publisher, distributor, etc. | Birkhäuser, |
| Date of publication, distribution, etc. | c2007. |
| 300 ## - PHYSICAL DESCRIPTION | |
| Extent | 159 p. : |
| Other physical details | col. ill., plans ; |
| Dimensions | 31 cm. |
| 504 ## - BIBLIOGRAPHY, ETC. NOTE | |
| Bibliography, etc. note | Includes bibliographical references (p. 154-155) and index. |
| 546 ## - LANGUAGE NOTE | |
| Language note | Text in English, translated from the German. |
| 650 #0 - SUBJECT ADDED ENTRY--TOPICAL TERM | |
| Topical term or geographic name entry element | Plastics in building. |
| 9 (RLIN) | 43283 |
| 650 #0 - SUBJECT ADDED ENTRY--TOPICAL TERM | |
| Topical term or geographic name entry element | Transparency in architecture. |
| 9 (RLIN) | 121664 |
| 650 #0 - SUBJECT ADDED ENTRY--TOPICAL TERM | |
| Topical term or geographic name entry element | Buildings, Plastic. |
| 9 (RLIN) | 121665 |
| 906 ## - LOCAL DATA ELEMENT F, LDF (RLIN) | |
| a | 7 |
| b | cbc |
| c | copycat |
| d | 2 |
| e | ncip |
| f | 20 |
| g | y-gencatlg |
| 942 ## - ADDED ENTRY ELEMENTS (KOHA) | |
| Source of classification or shelving scheme | |
| Koha item type | Book |
| Withdrawn status | Lost status | Source of classification or shelving scheme | Damaged status | Not for loan | Permanent Location | Current Location | Date acquired | Source of acquisition | Total Checkouts | Full call number | Barcode | Date last seen | Cost, replacement price | Price effective from | Koha item type |
|---|---|---|---|---|---|---|---|---|---|---|---|---|---|---|---|
| School of Art Design and Architecture (SADA) | School of Art Design and Architecture (SADA) | 06/14/2023 | Donation | 721.0449923 JES 2008 | SADA0003004 | 02/29/2024 | 6797.00 | 02/29/2024 | Book |
